Fundamentals of c++ : (Record no. 15235)

MARC details
000 -LEADER
fixed length control field 00658nam a22002177a 4500
003 - CONTROL NUMBER IDENTIFIER
control field URS
005 - DATE AND TIME OF LATEST TRANSACTION
control field 20220114171936.0
008 - FIXED-LENGTH DATA ELEMENTS--GENERAL INFORMATION
fixed length control field 180613b xxu||||| |||| 00| 0 eng d
020 ## - INTERNATIONAL STANDARD BOOK NUMBER
International Standard Book Number 9812433783
050 14 - LIBRARY OF CONGRESS CALL NUMBER
Classification number QA 76.73
Item number C15 L342 2001
100 1# - MAIN ENTRY--PERSONAL NAME
Personal name Lambert, Kenneth A.,
Dates associated with a name 2001-
Relator term author
245 10 - TITLE STATEMENT
Title Fundamentals of c++ :
Remainder of title introductory course /
Statement of responsibility, etc. Kenneth A> Lambert.
250 ## - EDITION STATEMENT
Edition statement 2nd edition
264 #1 - PRODUCTION, PUBLICATION, DISTRIBUTION, MANUFACTURE, AND COPYRIGHT NOTICE
Place of production, publication, distribution, manufacture Pacific Grove:
Name of producer, publisher, distributor, manufacturer Thomson,
Date of production, publication, distribution, manufacture, or copyright notice ©2001.
300 ## - PHYSICAL DESCRIPTION
Extent xiii, 670 pages :
Other physical details illustrations;
Dimensions 25 cm
336 ## - CONTENT TYPE
Source rdacontent
Content type term text
336 ## - CONTENT TYPE
Source rdacontent
Content type term still image
337 ## - MEDIA TYPE
Source rdamedia
Media type term unmediated
338 ## - CARRIER TYPE
Source rdacarrier
Carrier type term volume
942 ## - ADDED ENTRY ELEMENTS (KOHA)
Source of classification or shelving scheme Library of Congress Classification
Koha item type Foreign Books
Holdings
Withdrawn status Source of classification or shelving scheme Damaged status Not for loan Collection code Home library Current library Shelving location Date acquired Total Checkouts Full call number Barcode Date last seen Price effective from Koha item type
  Library of Congress Classification     Non-fiction Binangonan College Library Binangonan College Library Foreign Section 06/07/2023   QA 76.73 C15 L342 2001 URSBIN-01349 06/13/2018 06/13/2018 Foreign Books
  Library of Congress Classification     Non-fiction Binangonan College Library Binangonan College Library Foreign Section 06/07/2023   QA 76.73 C15 L342 2001 URSBIN-01350 06/13/2018 06/13/2018 Foreign Books

University of Rizal System
Email us at univlibservices@urs.edu.ph

Visit our Website www.urs.edu.ph/library